| 000 | 00525nam a2200193Ia 4500 | ||
|---|---|---|---|
| 003 | 0100 | ||
| 005 | 20150407132447.0 | ||
| 008 | 130303s9999 xx 000 0 und d | ||
| 020 | _a674792998 | ||
| 040 | _cARRUPELIB | ||
| 050 | _aQ175.H7748 1993 | ||
| 100 |
_aHolton, Gerald _916895 |
||
| 245 |
_aScience and anti-science _c/ Gerald Holton |
||
| 260 |
_aCambridge _bHarvard UP _c1993 |
||
| 300 | _a203 p. | ||
| 650 |
_bAmerican Literature-20th century _916896 |
||
| 700 |
_aGerald Holton _916897 |
||
| 942 |
_2lcc _cMONOGRAPH |
||
| 999 |
_c12283 _d12283 |
||